000
00260nam a22001217a 4500
003
NUST
082
_a
823.891,REH
100
_a
Rehan, Hafsa
_9
10108
245
_a
Daam-e-Lahoo /
_b
Hafsa Rehan
260
_c
2018
650
_a
Urdu Literature
942
_2
ddc
_c
BK
999
_c
592059
_d
592059